000 00358 a2200145 4500
001 169367
020 _a
040 _cMagnum
100 _aAntunes, Celso
240 1 0 _aJogos para a estimulacao das multiplas inteligencias
_lpor
245 1 0 _aJogos para a estimulacao das multiplas inteligencias
362 0 _a1899
697 _aPSICOLOGIA
942 _cBK
999 _c169367
_d169367